| 000 | 00802cab a2200241 4500 | ||
|---|---|---|---|
| 001 | WB2912-62 | ||
| 008 | 090401t1993 xxu||||| |||| 00| 0 eng d | ||
| 035 | _a(Sirsi) u25721 | ||
| 041 | _aeng | ||
| 245 | _aMisdescriptions warning | ||
| 260 | _c1993 | ||
| 350 | _a0 | ||
| 490 |
_aEstates Gazette _v(9311) 20 March 1993, 109(1) |
||
| 520 | _aProperty auctioneers have been warned of the implications of the Property Misdescriptions Act which will comes into force on April 4 in a letter from the RICS auction skills panel. | ||
| 650 | _aAUCTION CATALOGUES | ||
| 650 | _aAUCTIONEERS | ||
| 650 | _aPROPERTY MISDESCRIPTIONS ACT 1991 | ||
| 650 | _aABOUT RICS | ||
| 650 | _aSKILLS PANEL | ||
| 690 | _aMANAGEMENT-BUSINESS MANAGEMENT-PROFESSIONAL PRACTICE | ||
| 942 | _n0 | ||
| 948 | _c04/03/1997 | ||
| 999 |
_c17285 _d17285 |
||